000
00310nam a22001337a 4500
082
_a
823
_b
MAN/H
100
_a
MANOJ PUBLICATION
245
_a
151 MORAL STORIES
246
_a
151 MORAL STORIES
_b
151 MORAL STORIES
260
_a
NEW DELHI
_b
MANOJ
_c
2025
300
_a
80
650
_a
ENGLISH STORIES
942
_c
BK
999
_c
9170
_d
9170